000 01077nam a2200253Ia 4500
999 _c3353
_d3353
003 OSt
005 20200330120246.0
008 191128t2012 ck a ar 000 1 spa d
020 _a9789583201523
040 _aCO-JMCR
_cCO-JMCR
082 0 4 _aA /
_bRUEu
100 _aRueda, Claudia,
_eautora
_9679
245 1 3 _aUn día de lluvia /
_cClaudia Rueda
250 _aPrimera edición
260 _aBogotá :
_bOceano travesía,
_c©2012
300 _a[40] páginas sin numerar :
_bilustraciones a color ;
_c19 cm.
490 _aPrimera Infancia del Ministerio de Cultura
500 _aPlan Nacional de Lectura y Escritura, Leer es mi Cuento, 2012.
520 0 _aAna es demasiado pequeña para ir al baile con sus padres y sus hermanas, así que se queda en casa mientras fuera cae la lluvia. Su única compañía es un gato que escapa al sótano, donde se empolvan los libros. Ellas tiene prohibido entrar ahí, pero…
521 _aRecomendado para niños mayores de 2 años.
546 _aspa
650 1 4 _aÁlbumes infantiles colombianos
_91884
942 _2ddc
_cBK